000 00186 a2200097 4500
020 _a9781936878017
041 _aeng
100 _aPurl, Mara
245 _aWhat the heart knows
942 _cBK
999 _c7457
_d7457